[Event "Interpolis"]
[Site "Tilburg"]
[Date "1992.10.22"]
[Round "5.6"]
[White "Kamsky, Gata"]
[Black "Ivanchuk, Vassily"]
[Result "1-0"]
[WhiteElo "2655"]
[BlackElo "2720"]
[Annotator "Schussler,H"]
[PlyCount "106"]
[EventDate "1992.10.08"]
[EventType "k.o."]
[EventRounds "7"]
[EventCountry "NED"]
[SourceTitle "CBM 032"]
[Source "ChessBase"]
[SourceDate "1993.02.01"]
[SourceVersion "1"]
[SourceVersionDate "1993.02.01"]
[SourceQuality "1"]

{Barrage 15'} 1. e4 e5 2. Nf3 Nc6 3. d4 exd4 4. Nxd4 Nf6 (4... Bc5 5. Be3 Qf6
6. c3 Nge7 7. Bc4 Ne5 8. Bb3 (8. Be2 d5 9. O-O O-O 10. Nd2 Bb6 11. f4 Qh6 $1
$13 {Sveshnikov,E-Smyslov,V, Tilbrug 1992. CBM 32 game 961.}) 8... Qg6 9. O-O
Ng4 $10 {Kesanen,I-Mc Carron,T, Helsinki 1992. CBM 32 game 298.}) 5. Nxc6 bxc6
6. e5 Qe7 (6... Ne4 7. Bd3 $5 {New. 7.Qd4? f5! - Lautier,J-Beliavsky,V, Biel
1992. CBM 31 game 193.} Nc5 8. O-O d6 9. exd6 Bxd6 10. Be2 {10.Re1+ Be6 =} O-O
11. Nd2 {11.Bf3 Qf6 =} Be6 $10 {Illescas Cordoba,M-Sokolov,I, Chalkidiki 1992.
CBM 32 game 27.}) 7. Qe2 Nd5 8. c4 Ba6 9. b3 (9. g3 g6 10. Bg2 Bg7 11. O-O O-O
12. Re1 Rae8 $10 {Van der Wiel,J-Nikolic,Pr, Tilburg 1992, CBM 32 game 864.})
9... g6 10. g3 Bg7 11. Bb2 O-O 12. Bg2 f6 13. O-O $1 fxe5 14. Qd2 Nb6 15. Ba3
d6 16. Bxc6 Rab8 17. Nc3 Bb7 18. Bxb7 Rxb7 19. Ne4 $14 Rd8 20. Rad1 Rbb8 21. c5
dxc5 22. Qc2 Qf7 23. Bxc5 h6 24. Be3 a5 25. Rxd8+ Rxd8 26. Rd1 Rxd1+ 27. Qxd1
Kh7 28. a4 Nd7 29. Qd3 Nf8 30. Nd2 $1 $16 Ne6 31. Nc4 Qf3 32. Nd2 Qd1+ 33. Qf1
Qc2 34. Qc4 Qd1+ 35. Kg2 Nd4 36. Bxd4 exd4 37. Ne4 Qg4 38. Qd5 c6 $2 39. Qxc6
d3 40. f3 $1 $18 Qf5 41. Qd6 Qc8 42. Qxd3 Qc1 43. h4 Qb2+ 44. Kh3 Qe5 45. Nd2
Qe6+ 46. Kg2 Qe5 47. Nc4 Qc5 48. Qd2 g5 49. hxg5 hxg5 50. Qxa5 Qe7 51. Qf5+ Kh6
52. Qe4 Qb4 53. Ne3 $1 Qd2+ 1-0

[Event "Interpolis"]
[Site "Tilburg"]
[Date "1992.10.24"]
[Round "6.2"]
[White "Kamsky, Gata"]
[Black "Gelfand, Boris"]
[Result "1/2-1/2"]
[WhiteElo "2655"]
[BlackElo "2685"]
[PlyCount "55"]
[EventDate "1992.10.08"]
[EventType "k.o."]
[EventRounds "7"]
[EventCountry "NED"]
[SourceTitle "CBM 032"]
[Source "ChessBase"]
[SourceDate "1993.02.01"]
[SourceVersion "1"]
[SourceVersionDate "1993.02.01"]
[SourceQuality "1"]

1. d4 d5 2. c4 c6 3. Nf3 Nf6 4. Nc3 dxc4 5. a4 Bg4 6. Ne5 Bh5 7. g3 e6 8. Bg2
Bb4 9. O-O O-O 10. Nxc4 Nd5 11. Qd3 Be7 12. e4 Nb4 13. Qd2 N8a6 14. b3 Qc7 15.
e5 Bg6 16. Ne4 Bxe4 17. Bxe4 c5 18. Bb2 Rad8 19. Qe3 Nc6 20. dxc5 Nxc5 21. Rad1
Nxe4 22. Qxe4 Rxd1 23. Rxd1 Rd8 24. Rd3 Rxd3 25. Qxd3 Nb4 26. Qe4 Nd5 27. Bd4
a6 28. Ne3 1/2-1/2

[Event "Interpolis"]
[Site "Tilburg"]
[Date "1992.10.25"]
[Round "6.3"]
[White "Kamsky, Gata"]
[Black "Gelfand, Boris"]
[Result "1/2-1/2"]
[WhiteElo "2655"]
[BlackElo "2685"]
[PlyCount "146"]
[EventDate "1992.10.08"]
[EventType "k.o."]
[EventRounds "7"]
[EventCountry "NED"]
[SourceTitle "CBM 032"]
[Source "ChessBase"]
[SourceDate "1993.02.01"]
[SourceVersion "1"]
[SourceVersionDate "1993.02.01"]
[SourceQuality "1"]

{Barrage 30'} 1. d4 Nf6 2. Nf3 d5 3. c4 c6 4. cxd5 cxd5 5. Nc3 Nc6 6. Bf4 a6 7.
e3 Bg4 8. h3 Bxf3 9. Qxf3 e6 10. Bd3 Bd6 11. O-O O-O 12. Bg5 Nb4 13. Bb1 Be7
14. a3 Nc6 15. Qe2 Ne8 16. Qd3 f5 17. Bf4 Nd6 18. Ba2 Rc8 19. Rac1 Ne4 20. Na4
Qa5 21. Nc3 Nxc3 22. Qxc3 Qxc3 23. Rxc3 Na7 24. Rfc1 Rxc3 25. Rxc3 Rc8 26. Rc7
Rxc7 27. Bxc7 Nb5 28. Ba5 Nd6 29. Kf1 b5 30. Ke2 Nc4 31. Bc3 Kf7 32. Kd3 a5 33.
Kc2 a4 34. Kd3 Ke8 35. Bb1 Kd7 36. Bc2 Kc6 37. Bd1 Bh4 38. g3 Bd8 39. g4 Bh4
40. Ke2 g6 41. Bc2 Bg5 42. Bd3 Kb6 43. Kf3 Bh4 44. Ke2 Bg5 45. f4 Be7 46. Kf3
b4 47. axb4 Kb5 48. gxf5 gxf5 49. Bd2 Bxb4 50. Bc1 Ba5 51. Ke2 Kb4 52. Bc2 Bd8
53. Kd3 Bh4 54. Bd1 Bf2 55. Bd2+ Kb5 56. Bc1 Bxe3 57. Bxe3 Nxb2+ 58. Kc2 Nxd1
59. Kxd1 Kc4 60. Kc2 h5 61. h4 a3 62. Bc1 Kxd4 63. Bxa3 Ke4 64. Bd6 Kf3 65. Kd3
Kg4 66. Ke3 Kxh4 67. Kf3 d4 68. Bb4 Kh3 69. Bd2 h4 70. Be1 d3 71. Bd2 Kh2 72.
Kf2 Kh3 73. Kf3 Kh2 1/2-1/2

[Event "Interpolis"]
[Site "Tilburg"]
[Date "1992.10.25"]
[Round "6.4"]
[White "Gelfand, Boris"]
[Black "Kamsky, Gata"]
[Result "1/2-1/2"]
[WhiteElo "2685"]
[BlackElo "2655"]
[PlyCount "65"]
[EventDate "1992.10.08"]
[EventType "k.o."]
[EventRounds "7"]
[EventCountry "NED"]
[SourceTitle "CBM 032"]
[Source "ChessBase"]
[SourceDate "1993.02.01"]
[SourceVersion "1"]
[SourceVersionDate "1993.02.01"]
[SourceQuality "1"]

{Barrage 30'} 1. d4 d5 2. c4 e6 3. Nc3 Nf6 4. cxd5 exd5 5. Bg5 c6 6. e3 Be7 7.
Qc2 Nbd7 8. Bd3 O-O 9. Nge2 Re8 10. O-O Nf8 11. f3 Nh5 12. Bxe7 Rxe7 13. Qd2
Ne6 14. Rad1 g6 15. Bb1 b5 16. a3 a5 17. b4 axb4 18. axb4 Qd6 19. e4 Rb7 20. g4
Nhf4 21. Rc1 f6 22. Nxf4 Qxf4 23. Qxf4 Nxf4 24. Rfe1 Kf8 25. Ne2 Nxe2+ 26. Rxe2
Bd7 27. exd5 cxd5 28. Ba2 Ra3 29. Bxd5 Rb6 30. Ra2 Ra4 31. Rb2 Rd6 32. Rc5 Ra3
33. Kf2 1/2-1/2

[Event "Interpolis"]
[Site "Tilburg"]
[Date "1992.10.25"]
[Round "6.5"]
[White "Gelfand, Boris"]
[Black "Kamsky, Gata"]
[Result "1/2-1/2"]
[WhiteElo "2685"]
[BlackElo "2655"]
[PlyCount "155"]
[EventDate "1992.10.08"]
[EventType "k.o."]
[EventRounds "7"]
[EventCountry "NED"]
[SourceTitle "CBM 032"]
[Source "ChessBase"]
[SourceDate "1993.02.01"]
[SourceVersion "1"]
[SourceVersionDate "1993.02.01"]
[SourceQuality "1"]

{Barrage 15'} 1. d4 d5 2. c4 e6 3. Nc3 Be7 4. cxd5 exd5 5. Bf4 Nf6 6. e3 c6 7.
Bd3 O-O 8. Qc2 Bg4 9. Nge2 Bh5 10. Ng3 Bg6 11. h4 Bxd3 12. Qxd3 c5 13. Nf5 Nc6
14. Bg5 cxd4 15. exd4 Ne4 16. Nxe7+ Nxe7 17. Bxe7 Qxe7 18. Nxd5 Qd6 19. Nc3
Nxc3 20. bxc3 Rfe8+ 21. Kf1 Re6 22. Rh3 Rae8 23. h5 h6 24. Rd1 Qe7 25. Re3 Rxe3
26. Qxe3 Qxe3 27. fxe3 Rxe3 28. c4 Kf8 29. c5 b6 30. c6 Ke7 31. Kf2 Rc3 32. d5
Kd6 33. Rd2 b5 34. Ke1 a5 35. Rf2 f6 36. Rd2 b4 37. Kd1 Rc5 38. Rd4 a4 39. Rxb4
Rxd5+ 40. Ke2 Kxc6 41. Rxa4 Rxh5 42. Ra7 Rg5 43. Kf2 Kb6 44. Rf7 h5 45. g3 Kc6
46. Ra7 Kd6 47. a4 Ke6 48. Kf3 Rg4 49. Ra5 g6 50. Ra6+ Kf7 51. Ra7+ Kg8 52. a5
Ra4 53. Kg2 g5 54. Kf2 f5 55. a6 f4 56. gxf4 Rxf4+ 57. Kg3 Ra4 58. Kh3 Ra3+ 59.
Kh2 h4 60. Rb7 Rxa6 61. Rb5 Rg6 62. Kh3 Kg7 63. Kg4 Kh6 64. Rb8 Ra6 65. Rh8+
Kg7 66. Rb8 Ra5 67. Rb6 Re5 68. Ra6 Kf7 69. Rb6 Re6 70. Rb5 Rg6 71. Rb7+ Kg8
72. Ra7 Rg7 73. Ra5 Kh7 74. Ra6 Rg6 75. Ra8 Kg7 76. Rb8 Kh6 77. Rh8+ Kg7 78.
Ra8 1/2-1/2

[Event "Alekhine Memorial"]
[Site "Moscow"]
[Date "1992.??.??"]
[Round "?"]
[White "Kamsky, Gata"]
[Black "Gelfand, Boris"]
[Result "1/2-1/2"]
[WhiteElo "2655"]
[BlackElo "2685"]
[PlyCount "217"]
[EventDate "1992.11.??"]
[EventType "tourn"]
[EventRounds "7"]
[EventCountry "RUS"]
[EventCategory "18"]
[SourceTitle "CBM 033"]
[Source "ChessBase"]
[SourceDate "1993.04.01"]
[SourceVersion "1"]
[SourceVersionDate "1993.04.01"]
[SourceQuality "1"]

1. e4 c5 2. Nf3 d6 3. d4 cxd4 4. Nxd4 Nf6 5. Nc3 a6 6. Bg5 e6 7. f4 Nc6 8. Be2
Be7 9. Qd3 Qb6 10. Nb3 a5 11. a3 h6 12. Bxf6 Bxf6 13. O-O-O O-O 14. Na4 Qa7 15.
Bf3 Rd8 16. Rhe1 Rb8 17. Qb5 Nd4 18. Qb6 Qxb6 19. Nxb6 Nxf3 20. gxf3 a4 21. Na5
Be7 22. Nac4 Bd7 23. Nxd7 Rxd7 24. Nb6 Rc7 25. Rd3 g5 26. fxg5 hxg5 27. Nxa4 b5
28. Nc3 b4 29. axb4 Rxb4 30. Nd1 Kg7 31. c3 Rb8 32. Re2 Rh8 33. Kc2 Rh3 34. Rg2
Kf8 35. Nf2 Rh4 36. Ng4 Ra7 37. Ne3 Rc7 38. b3 Rh3 39. Nc4 Ra7 40. Kb2 g4 41.
Rxg4 Rxh2+ 42. Rd2 Rxd2+ 43. Nxd2 Bf6 44. f4 d5 45. e5 Be7 46. Nf3 Ba3+ 47. Kc2
Bc5 48. b4 Bb6 49. Kd3 Ra1 50. Ng5 Ke7 51. Nh7 Rg1 52. Nf6 Bf2 53. Rxg1 Bxg1
54. Ng4 Kd7 55. c4 dxc4+ 56. Kxc4 Kc6 57. Kd3 Kb5 58. Nh6 Kxb4 59. Nxf7 Kc5 60.
Ng5 Kd5 61. Nh7 Bb6 62. Nf8 Bc7 63. Nd7 Kc6 64. Nf6 Ba5 65. Ke4 Kc7 66. Kf3 Kd8
67. Ne4 Ke7 68. Kg4 Bb6 69. Nd6 Bc5 70. Nc4 Kf7 71. Kh5 Kg7 72. Nd6 Bb6 73. Kg5
Bd8+ 74. Kg4 Bb6 75. Kh5 Bd4 76. Nc4 Bc5 77. Kg5 Be7+ 78. Kg4 Bb4 79. Nd6 Ba3
80. Kf3 Kf8 81. Ke4 Ke7 82. Nb5 Bb2 83. Ke3 Bc1+ 84. Kf3 Bb2 85. Kg4 Bc1 86.
Kg5 Bd2 87. Nd6 Be3 88. Nc4 Bc1 89. Nd6 Be3 90. Ne4 Bc1 91. Nc5 Be3 92. Nb3 Kf7
93. Kg4 Ke7 94. Kf3 Bb6 95. Nd2 Ba5 96. Nc4 Bb4 97. Kg4 Kf7 98. Ne3 Bd2 99. Ng2
Bc1 100. Kg5 Bd2 101. Nh4 Kg7 102. Nf3 Be3 103. Kg4 Kf7 104. Ng5+ Ke7 105. Ne4
Bc1 106. Kg5 Be3 107. Ng3 Kf7 108. Kg4 Bd4 109. Kf3 1/2-1/2

[Event "Alekhine Memorial"]
[Site "Moscow"]
[Date "1992.??.??"]
[Round "?"]
[White "Karpov, Anatoly"]
[Black "Kamsky, Gata"]
[Result "1-0"]
[WhiteElo "2715"]
[BlackElo "2655"]
[Annotator "Ftacnik,L"]
[PlyCount "107"]
[EventDate "1992.11.??"]
[EventType "tourn"]
[EventRounds "7"]
[EventCountry "RUS"]
[EventCategory "18"]
[SourceTitle "CBM 033"]
[Source "ChessBase"]
[SourceDate "1993.04.01"]
[SourceVersion "1"]
[SourceVersionDate "1993.04.01"]
[SourceQuality "1"]

1. d4 {Anand} Nf6 2. c4 g6 3. Nf3 Bg7 4. g3 c6 5. Bg2 d5 6. cxd5 cxd5 7. Nc3
O-O 8. Ne5 e6 (8... Bf5 9. O-O Ne4 10. Be3 $6 Nxc3 (10... Nc6 $6 11. Nxc6 bxc6
12. Nxe4 dxe4 13. Qc2 $14) 11. bxc3 Nc6 12. Qb3 e6 $1 $10 13. Nxc6 bxc6 14. Qa3
$1 Re8 (14... e5 15. dxe5 Bxe5 16. Bc5 Re8 17. Rad1 $14) 15. Bf4 e5 (15... Bf8
$5 16. Qa4 Qb6) 16. Bxe5 Bxe5 17. dxe5 Rxe5 18. e3 Be4 19. Rfd1 Qf6 20. Rd4 h5
21. h3 $1 $14 Rb8 22. Rad1 Bxg2 23. Kxg2 Qe7 24. Qxe7 Rxe7 25. R1d2 Rb6 $6 26.
c4 dxc4 27. Rxc4 Kg7 28. Rdc2 Rc7 29. g4 hxg4 30. hxg4 Kf6 31. Kg3 {Karpov,
An-Gelfand,B/Linares/1991/1-0/57/}) 9. O-O Nfd7 10. f4 (10. Nf3 Nc6 11. Bf4 Nf6
12. Ne5 Bd7 13. Qd2 Nxe5 14. Bxe5 Bc6 15. Rfd1 Nd7 16. Bxg7 Kxg7 17. Rac1 Nf6
18. Qf4 Qb8 19. Qxb8 Raxb8 20. f3 Rfd8 21. Kf2 Rbc8 22. e3 Ne8 23. Rd2 Nd6 24.
Rdc2 Kf8 25. Bf1 Ke7 26. Bd3 f5 27. h4 h6 28. b3 g5 29. Ne2 Bd7 30. Rc5 b6 31.
Rc7 {Karpov,An-Kasparov,G (3)/London-Wch/1986/1/2-1/2/}) 10... Nc6 (10... Nxe5
11. fxe5 Nc6 12. Be3 f6 13. exf6 Rxf6 14. Qd2 Bd7 15. Kh1 $5 Rxf1+ 16. Rxf1 Qe7
17. Rd1 Rc8 18. a3 Bf6 19. Bg1 Bg5 $6 20. Qe1 $16 Nd8 21. e4 dxe4 22. Qxe4 b6
23. d5 Bf6 24. Bd4 Bxd4 25. Qxd4 Qg7 26. Qh4 $1 {/\ []e4-f6} Nf7 27. dxe6 Bxe6
28. Qe7 Bb3 29. Rd7 Qe5 30. Rxa7 Re8 31. Qxe5 {Karpov,A-Timman,J/Amsterdam/
1987/1/2-1/2/57/}) (10... f6 11. Nd3 (11. Nf3 Nc6 12. b3 a6 13. Ba3 Re8 14. Rc1
f5 15. h3 Nf6 16. e3 Na7 17. Ne5 Nb5 18. Bc5 Nxc3 19. Rxc3 Ne4 20. Bxe4 fxe4
21. Qc2 a5 22. a4 Bd7 23. Ba3 Bxe5 24. fxe5 b5 25. Bd6 bxa4 26. Qf2 Rc8 27.
Rxc8 Bxc8 28. Qf7+ Kh8 {Horvath,P-Bagonyai,A/HUN-chT 9192/1991/1-0 (29)}) 11...
Nc6 12. e3 (12. Be3 Nb6 13. Bf2 (13. b3 Qe7 14. a4 Bd7 15. Bc1 Rfd8 16. e3 Be8
17. Ba3 Qf7 18. Rc1 Bf8 19. Bxf8 Qxf8 20. g4 $5 $36 Qe7 21. Qd2 Rac8 22. Ne2
Rc7 23. Rc5 Nc8 24. f5 g5 25. Ng3 e5 $6 26. Qc1 $6 b6 27. Rc2 e4 $10 {Karpov,
An-Timman,J (04)/Kuala Lumpur cm/1990/1-0/76/}) 13... f5 14. Ne5 Bd7 15. Qd2 (
15. Rc1 Qe7 16. e3 Rfc8 17. Nd3 Nc4 18. Nxd5 Qd6 19. Rxc4 exd5 20. Rc3 b6 21.
Qb3 Be6 22. Rfc1 Ne7 23. Qa4 a5 24. Be1 Rxc3 25. Rxc3 Rc8 26. Rxc8+ Bxc8 27.
Qe8+ Bf8 28. Ne5 Be6 29. Bf1 Qc7 30. Bc3 Qc8 31. Qa4 {Adianto,U-Enkhbat,Ts/
Manila olm/1992/1-0/39/}) 15... Nc8 16. Qe3 Kh8 17. Rfd1 Nd6 18. b3 Rc8 19.
Rac1 Be8 20. Be1 Bf6 21. Na4 b6 22. Nb2 Ne4 23. Nbd3 g5 24. Nxc6 Bxc6 25. Ne5
gxf4 26. gxf4 Be8 27. Qh3 Rg8 28. Kf1 Rxc1 29. Rxc1 h5 30. Bb4 a5 31. Ba3 {
Karpov,An-Kasparov,G (13)/Leningrad-Wch/1986/1/2-1/2/42/}) 12... f5 13. Ne5
Ndxe5 14. dxe5 Bd7 15. b3 Re8 16. Kh1 Qa5 17. Bb2 Rec8 18. e4 d4 19. Ne2 Rd8
20. exf5 gxf5 21. Rf3 Be8 22. Rd3 Bh5 23. Qd2 Qxd2 24. Rxd2 d3 25. Nc1 Rd7 26.
Ba3 Rad8 27. Rb1 Bf8 28. Bxf8 Kxf8 29. b4 Rd4 30. a3 Rc4 31. Nxd3 {Jasnikowski,
Z-Pedzich,D/POL-ch/1992/1/2-1/2/}) 11. Be3 (11. e3 Ndxe5 12. fxe5 f6 13. exf6
Rxf6 14. Rxf6 Qxf6 15. Qe2 Bd7 16. Bd2 Rf8 17. Rf1 Qe7 18. Rxf8+ Qxf8 19. Bh3
Ne7 20. Qf2 Nf5 21. g4 Nd6 22. Qxf8+ Kxf8 23. b3 Ke8 24. Kf2 e5 25. dxe5 Bxe5
26. Nxd5 Ne4+ 27. Ke1 Bxh2 28. Bg2 Bg3+ 29. Kd1 Nf2+ 30. Kc2 Nxg4 31. Bf3 {
Anderton,D-Khenkin,I/Gausdal Troll/1992/0-1/48/}) (11. b3 Qa5 12. Bb2 Ndxe5 13.
fxe5 Bd7 14. e4 Qb4 15. exd5 Qxd4+ 16. Qxd4 Nxd4 17. dxe6 Bxe6 18. Bxb7 Rab8
19. Bg2 Bxe5 20. Rae1 Bg7 21. Rf2 Rfc8 22. Nd5 Rc2 23. Rxc2 Nxc2 24. Ne7+ Kf8
25. Bxg7+ Kxg7 26. Re2 Nd4 27. Rd2 Rd8 28. Kf2 Kf6 29. Ke3 Kxe7 30. Rxd4 Rxd4
31. Kxd4 {Grabarczyk,M-Jasnikowski,Z/Wisla BES (05)/1992/1/2-1/2/47/}) 11...
Nb6 (11... f6) (11... Ndxe5 12. dxe5 f6 (12... b6 13. Bf2 Qd7 14. Rc1 Bb7 15.
Ne4 Rab8 16. Nf6+ Bxf6 17. exf6 Rfc8 18. e4 Ba6 19. Re1 Nb4 20. Qd2 Nd3 21.
Rxc8+ Rxc8 22. Rd1 Qd8 23. e5 Nxf2 24. Qxf2 Qc7 25. Bf3 Qc2 26. Qe3 Kh8 27. Qf2
Qxf2+ 28. Kxf2 Rc2+ 29. Ke3 Rxb2 30. g4 Bc4 31. h4 {Adianto,U-Ostenstad,B/
NOR-RIN (3)/1992/1/2-1/2/55/}) 13. exf6 Bxf6 14. Bf2 Qa5 15. Qd3 Rd8 16. a3 Ne7
17. b4 Qa6 18. Qxa6 bxa6 19. Rac1 Bd7 20. e4 Bxc3 21. Rxc3 Bb5 22. Rd1 dxe4 23.
Rxd8+ Rxd8 24. Bxe4 Rd1+ 25. Kg2 Rd7 26. Kf3 Kf7 27. g4 Nd5 28. Bxd5 Rxd5 29.
Bxa7 h5 30. gxh5 gxh5 31. Ke4 {Kharitonov,A-Godes,ADR/Smolensk/1992/1/2-1/2/})
12. Bf2 (12. b3 Bd7 13. Qd2 f6 14. Nd3 Nc8 15. Rac1 Nd6 16. Bf2 f5 17. Ne5 Qe7
18. Kh1 Rfc8 $10 19. g4 $5 Ne4 20. Nxe4 fxe4 21. Nxd7 Qxd7 22. a3 $6 a5 $1 23.
Bh3 Qe7 $15 { a3} 24. Ra1 Nd8 25. f5 $8 g5 26. Bg3 Nc6 27. e3 Rd8 28. fxe6 Qxe6
29. Rf5 h6 30. Qe2 Ne7 31. Rff1 {Wojtkiewicz,A-Karpov,An/Haninge/1990/0-1/61/})
(12. Nxc6 $5 bxc6 13. Bf2) 12... Bd7 (12... f5 13. Rc1 Bd7 14. Qd3 Be8 15. Nb1
Nc8 16. Nd2 Nd6 17. a3 Kh8 18. Qe3 Rg8 19. Rfd1 Qe7 20. Bxd5 exd5 21. Rxc6 Bxe5
22. Qxe5+ Qxe5 23. dxe5 Bxc6 24. exd6 Rgd8 25. Bd4+ Kg8 26. Be5 Bb5 27. Kf2
Rac8 28. Nf3 Rc2 29. Re1 Bd7 30. Bf6 Re8 31. Bc3 {Georgiev,Ki-Popovic,P (2)/
Tilburg2.16 /1992/1-0/40/}) (12... Ne7 13. a4 (13. Qd3 Bd7 14. Rfc1) 13... a5
14. Qb3 Bd7 15. Rfc1 (15. Nxd7 Nxd7 16. Qxb7 Rb8 17. Qa6 Rxb2 18. Rfb1 Nb8 {
/\ []bc6=}) 15... Bc6 16. Nb5 Nbc8 17. e3 Nd6 18. Nxd6 Qxd6 19. Be1 Rfb8 $1 $10
20. Bf1 f6 21. Nf3 Qd7 $15 {/\ []f5-d6} 22. Qc2 Nf5 23. Bd2 Nd6 24. b3 Rc8 25.
Qd1 h6 26. Be1 g5 27. Ra2 $1 Qe8 28. Rac2 Bf8 29. Bd3 {Karpov,A-Kasparov,G (03)
/Sevilla-Wch/1987/1/2-1/2/}) 13. e4 $1 Ne7 14. Nxd7 Qxd7 15. e5 Rac8 (15...
Rfc8 $1 16. Rc1 Bf8 17. Bf3 Rc7 18. b3 Rac8 19. Qd2 Nc6 20. Qb2 (20. Nb5 $2
Nxe5 $1 $19) 20... a6 21. Be2 Qe7 22. Nb1 Nb4 23. Nc3 Nc6 $10 {Karpov,
A-Kasparov,G (01)/Sevilla-Wch/1987/1/2-1/2/}) (15... Rfc8 {Anand Karpov,
An-Kasparov,G (01)/Sevilla-Wch/1987/}) 16. Rc1 (16. Qd3 Nc4 17. b3 Na3 18. Na4
b6 $10 {Gomez-Ubilava/Toledo/1991/}) 16... a6 (16... Nc4 17. Qe2 $1 a6 18. b3
Na3 19. Qb2 Nb5 20. Na4 $16) (16... Rc7 {Anand} 17. b3 Rfc8 18. Qd2 Bf8 19. g4
$1 $14) 17. b3 Rc7 18. Qd2 Rfc8 19. g4 Bf8 20. Qe3 $1 (20. Bh4 Nc6 {/\ 21...
Nc6xd4}) 20... Nc6 21. f5 Ba3 (21... exf5 22. gxf5 Qxf5 23. Ne2 $1 $36 (23. Bh3
$6 Qh5 24. Bxc8 Bh6 25. Qh3 Bxc1 26. Qxh5 gxh5 27. Bxb7 Bb2 28. Bxc6 Bxc3 $10)
(23. Bh3 {Anand})) 22. Rcd1 Nb4 (22... Nxe5 23. dxe5 Rxc3 24. Qxb6 $18) (22...
exf5 23. Nb1 $1 Bf8 24. gxf5 gxf5 (24... Qxf5 $2 25. Bh3) 25. Bh4 Ne7 26. Bh3
Bg7 27. Kh1 Rc2 28. Qg5 R8c7 29. Rg1 Ng6 30. Bxf5 $16) 23. Qh6 $1 (23. Nb1 Nc2
$1 24. Qf4 (24. Qh6 {Anand} Bf8) 24... Bf8) 23... Qe8 (23... Rxc3 24. f6 $18)
24. Nb1 Bb2 25. Qd2 $1 Nc2 (25... a5 26. a3 (26. Qxb2 Rc2 27. Qa3 Rxa2) 26...
Rc2 27. Qe1 $1 (27. Qh6 {Anand} Na2 $1 {/\ Nc1,Nc3 <=>}) 27... Qb5 28. axb4 Re2
29. Qxe2 Qxe2 30. bxa5 Nd7 31. Rd2 $18) 26. Kh1 Qe7 27. Bg1 Nd7 28. Rf3 {
/\ 29.Rf3-h3, Qd2-h6} Qb4 (28... Nb4 {Anand} 29. a3) 29. Qh6 (29. Qf4 Bxd4 $5
30. Bxd4 Nxd4 31. Rxd4 Rc1+ 32. Rf1 Rxf1+ 33. Bxf1 Qe1 34. Nd2 Nxe5 $13) 29...
Qf8 30. Qg5 Qg7 31. Qd2 $1 b6 (31... Nb8 {Anand} 32. Rdf1) 32. Rdf1 a5 33. h4
Nb4 34. a3 $1 (34. Qxb2 $2 Rc2 35. Qa3 Rxa2) 34... Rc2 35. Qf4 Nc6 36. Bh3 Nd8
37. Be3 $1 b5 38. R3f2 $1 b4 39. axb4 axb4 40. Rxc2 Rxc2 41. Rf2 $1 Rxf2 42.
Qxf2 {>< Bb2} Ba3 (42... Bc3 $2 43. f6 Qf8 44. Qc2) 43. Qc2 (43. f6 {Anand} Qf8
44. Qc2 Nb8) 43... Nxe5 (43... Qf8 44. Qc7 Qe8 45. Bg5 f6 46. Bxf6 Nxf6 47.
exf6 Qf8 (47... Nf7 48. fxe6 Qxe6 49. Qb8+) 48. Qe7 exf5 (48... gxf5 49. gxf5
exf5 50. Bxf5 Nf7 51. Bxh7+ Kxh7 52. Qxf8 $18) 49. Bg2 fxg4 50. Bxd5+ Nf7 51.
Nd2 $18) (43... Nb8 44. f6 Qf8 45. Nd2 $18 {/\ Nd2-f3, Bh3-f1}) (43... gxf5 {
Anand} 44. Qc8 $18) 44. dxe5 Qxe5 45. Qc8 (45. Bf2 {Anand}) 45... Qe4+ (45...
Qxe3 46. Qxd8+ Kg7 47. f6+ Kh6 48. Qf8#) 46. Bg2 Qxb1+ 47. Kh2 Bb2 48. Qxd8+
Kg7 49. f6+ $1 Bxf6 50. Bh6+ Kxh6 51. Qxf6 Qc2 52. g5+ Kh5 53. Kg3 Qc7+ 54. Kh3
1-0

[Event "Alekhine Memorial"]
[Site "Moscow"]
[Date "1992.??.??"]
[Round "?"]
[White "Timman, Jan H"]
[Black "Kamsky, Gata"]
[Result "0-1"]
[WhiteElo "2665"]
[BlackElo "2655"]
[Annotator "Ftacnik,L"]
[PlyCount "82"]
[EventDate "1992.11.??"]
[EventType "tourn"]
[EventRounds "7"]
[EventCountry "RUS"]
[EventCategory "18"]
[SourceTitle "CBM 033"]
[Source "ChessBase"]
[SourceDate "1993.04.01"]
[SourceVersion "1"]
[SourceVersionDate "1993.04.01"]
[SourceQuality "1"]

1. d4 Nf6 2. Nf3 g6 3. Bg5 Bg7 4. c3 d5 5. Nbd2 O-O 6. e3 Nbd7 7. Be2 Re8 8.
Qb3 c6 9. O-O e5 10. e4 exd4 11. cxd4 dxe4 12. Bc4 Re7 (12... exf3 13. Bxf7+
Kh8 14. Bxe8 Qxe8 15. Rfe1 $40) 13. Nxe4 Rxe4 14. Bxf7+ Kh8 15. Rae1 Qf8 $1 16.
Ne5 Rxd4 17. f4 Rd5 $3 (17... Nxe5 18. fxe5 Ng4 19. e6 Qd6 $13) 18. Bxd5 (18.
Bxg6 Qc5+ 19. Kh1 Nxe5 20. fxe5 Rxe5 $19) 18... Nxd5 19. Be7 $1 Qg8 (19... Qxe7
20. Nxg6+ hxg6 21. Rxe7 Nxe7 22. Qh3+ Kg8 23. Qe6+ Kf8 24. Re1 Bf6 25. Rd1 $13)
20. Nxd7 Bxd7 21. Qxb7 Qc8 22. Qxc8+ Rxc8 23. Bc5 a6 24. b3 $2 Kg8 25. Rf2 Bc3
26. Rd1 Re8 27. h3 Re4 28. Kh2 h5 29. Rc1 Be1 30. Rfc2 Nxf4 31. Rc4 Rxc4 32.
bxc4 Bg3+ $1 33. Kh1 (33. Kxg3 Ne2+ $19) 33... Bf5 34. Rc3 h4 35. Re3 Nd3 36.
Bd4 Kf7 37. c5 a5 38. a4 Be1 39. Re2 Bb4 40. Bf2 Nxf2+ 41. Rxf2 Bxc5 0-1

[Event "Paris Immopar rapid"]
[Site "Paris"]
[Date "1992.??.??"]
[Round "1"]
[White "Lautier, Joel"]
[Black "Kamsky, Gata"]
[Result "1/2-1/2"]
[WhiteElo "2580"]
[BlackElo "2655"]
[Annotator "Ftacnik,L"]
[PlyCount "61"]
[EventDate "1992.11.??"]
[EventType "k.o. (rapid)"]
[EventRounds "4"]
[EventCountry "FRA"]
[SourceTitle "CBM 033"]
[Source "ChessBase"]
[SourceDate "1993.04.01"]
[SourceVersion "1"]
[SourceVersionDate "1993.04.01"]
[SourceQuality "1"]

1. d4 Nf6 2. c4 g6 3. Nc3 d5 4. cxd5 Nxd5 5. e4 Nxc3 6. bxc3 Bg7 7. Bc4 c5 8.
Ne2 Nc6 9. Be3 O-O 10. O-O Bg4 11. d5 Na5 12. Bd3 (12. Bb5 a6 13. Bd3 Rc8 (
13... c4 14. Bc2 Bxc3 15. Rb1 Bxe2 16. Qxe2 b5 17. f4 Qd7 18. Bb6 Nb7 19. Qe3
Bg7 20. a4 e5 21. dxe6 Qxe6 22. e5 Rac8 23. Be4 Qe7 24. axb5 $14 {Sjoberg,
M-Nylen,A/Stockholm op/1992/}) 14. h3 Bd7 15. Rc1 e5 16. f4 exf4 17. Nxf4 b5
18. Qf3 Qe7 19. Qf2 c4 20. Bb1 Nb7 21. Rfe1 Be5 22. Ne2 Nc5 23. Nd4 Na4 24. Bh6
$13 {Blees,A-De Boer,G/NLD-ch/1990/}) 12... c4 13. Bc2 Bxe2 (13... Bxc3 14. Rb1
Bg7 15. f3 Bd7 16. f4 b5 17. e5 a6 18. Nc3 Rb8 19. Ba7 Rb7 20. Bc5 Re8 21. Qf3
Rb8 22. Qf2 Qc8 23. Ba7 Ra8 24. Bb6 $44 {Polugaevskij-Timman (6)/match /1979/})
14. Qxe2 Bxc3 15. Rab1 b6 (15... Qd7 16. Rfd1 Rfc8 17. f4 b5 18. e5 b4 19. e6
fxe6 20. Be4 e5 21. d6 exd6 22. Bxa8 Rxa8 23. fxe5 Bxe5 24. Rxb4 $14 {
Vladimirov,E-Wegner,H/Peer Gynt Int'l (2)/1991/}) 16. f4 e5 17. dxe6 (17. f5 f6
) 17... fxe6 18. Rfd1 Qe7 19. e5 Rad8 20. Qg4 (20. Be4 Bb4 21. Qg4 Bc5) 20...
Kh8 (20... Bb4 21. Rxd8 Rxd8 22. Rxb4 Qxb4 23. Qxe6+ Kf8 24. Qf6+ Ke8 25. Ba4+
Qxa4 26. Qe6+ Kf8 27. Qf6+ $10) 21. Qh3 Kg8 22. Bf2 Rxd1+ 23. Rxd1 Bb4 24. Bh4
Qf7 25. Bf6 Be7 26. Bxg6 (26. Rd7 $2 Bc5+ $19) 26... Bc5+ 27. Kh1 Qxg6 28.
Qxe6+ Qf7 (28... Rf7 $2 29. Rd8+ Bf8 30. Rxf8+ $1 Kxf8 31. Qc8# $19) 29. Qg4+
Qg6 30. Qe6+ Qf7 31. Qg4+ 1/2-1/2